Fundamentals of nursing: vol 1. / (Record no. 9263)
[ view plain ]
| 000 -LEADER | |
|---|---|
| fixed length control field | 01095nam a22001937a 4500 |
| 003 - CONTROL NUMBER IDENTIFIER | |
| control field | OSt |
| 005 - DATE AND TIME OF LATEST TRANSACTION | |
| control field | 20221006165103.0 |
| 008 - FIXED-LENGTH DATA ELEMENTS--GENERAL INFORMATION | |
| fixed length control field | 190801b xxu||||| |||| 00| 0 eng d |
| 020 ## - INTERNATIONAL STANDARD BOOK NUMBER | |
| International Standard Book Number | 9788125901983 |
| 040 ## - CATALOGING SOURCE | |
| Transcribing agency | WIUC-GH |
| 050 ## - LIBRARY OF CONGRESS CALL NUMBER | |
| Classification number | RT41.J15 |
| 100 ## - MAIN ENTRY--PERSONAL NAME | |
| Personal name | Jacob, Alphonsa |
| 9 (RLIN) | 554 |
| 245 ## - TITLE STATEMENT | |
| Title | Fundamentals of nursing: vol 1. / |
| Remainder of title | Alphonsa Jacob |
| 260 ## - PUBLICATION, DISTRIBUTION, ETC. | |
| Place of publication, distribution, etc. | New Delhi : |
| Name of publisher, distributor, etc. | Vikas Publishing, |
| Date of publication, distribution, etc. | 1996. |
| 300 ## - PHYSICAL DESCRIPTION | |
| Extent | xviii, 427 p.: |
| 505 ## - FORMATTED CONTENTS NOTE | |
| Formatted contents note | Contents : History of nursing -- Brief introduction to nursing -- Role of nurse in a health team -- Legal and ethical aspects of nursing --Hospital -- Care of hospital articles -- Medical asepsis -- Admission procedure -- Physical examination -- Application of principles of effective body mechanics -- Need for physical comfort and safety -- Bed making -- Hygienic needs -- Rest and sleep needs -- Observational needs -- Nutritional needs Elimination needs -- Oxygenation needs -- Need for fluid and electrolyte balance -- Exercises -- Recreation -- Records and reports -- Administration of medicines -- |
| 650 ## - SUBJECT ADDED ENTRY--TOPICAL TERM | |
| Topical term or geographic name entry element | Nursing |
| 9 (RLIN) | 102 |
| 942 ## - ADDED ENTRY ELEMENTS (KOHA) | |
| Source of classification or shelving scheme | Library of Congress Classification |
| Koha item type | Books |
| Withdrawn status | Lost status | Source of classification or shelving scheme | Damaged status | Not for loan | Home library | Current library | Shelving location | Date acquired | Full call number | Barcode | Date last seen | Copy number | Price effective from | Koha item type | Total Checkouts |
|---|---|---|---|---|---|---|---|---|---|---|---|---|---|---|---|
| Library of Congress Classification | WISCONSIN INTERNATIONAL UNIVERSITY COLLEGE, GHANA KUMASI LIBRARY | WISCONSIN INTERNATIONAL UNIVERSITY COLLEGE, GHANA KUMASI LIBRARY | nursing | 25/11/2019 | RT41.J15 | KSN/646/646/19 | 06/10/2022 | 1 | 06/10/2022 | Books | |||||
| Library of Congress Classification | WISCONSIN INTERNATIONAL UNIVERSITY COLLEGE, GHANA KUMASI LIBRARY | WISCONSIN INTERNATIONAL UNIVERSITY COLLEGE, GHANA KUMASI LIBRARY | nursing | 25/11/2019 | RT41.J151 | KSN/647/647/19 | 06/10/2022 | 2 | 06/10/2022 | Books | |||||
| Library of Congress Classification | WISCONSIN INTERNATIONAL UNIVERSITY COLLEGE, GHANA KUMASI LIBRARY | WISCONSIN INTERNATIONAL UNIVERSITY COLLEGE, GHANA KUMASI LIBRARY | nursing | 25/11/2019 | RT41.J152 | KSN/648/648/19 | 06/10/2022 | 3 | 06/10/2022 | Books |
